000 00704nam a2200205 i 4500
001 144907
003 ES-MaACL
005 20250807082102.0
007 t|
008 070214s1970 sp |||| | spa d
080 _a341.5:347.62
100 1 _aSimó Santonja, Vicente L.
_9106502
245 1 0 _aCapacidad y regímenes matrimoniales de extranjeros
_b: (derecho comparado y conflictual) /
_cVicente L. Simó Santonja ; prólogo de Adolfo Miaja de la Muela.
260 _aMadrid :
_bTecnos,
_c1970.
300 _a369 p. ;
_c22 cm.
650 7 _aMatrimonio (Derecho)
_2embne
_9144371
700 1 _aMiaja de la Muela, Adolfo.
_980844
852 _aES-MaACL
_jC-38562
999 _c144907
_d144907